Suomen kunnat, joiden nimessä on useampi I - Statistics

Yleistilastot
  • Tätä visaa on pelattu 165 kertaa
  • Keskiarvotulos 8 / 10
Vastaustilastot
Maakunta Kunta % Oikein
4 x I Pohjois-Savo Siilinjärvi
88%
3 x I Pohjois-Savo Iisalmi
86%
4 x I Kanta-Häme Riihimäki
84%
3 x I Päijät-Häme Iitti
83%
3 x I Pohjois-Pohjanmaa Siikajoki
83%
3 x I Keski-Suomi Viitasaari
79%
4 x I Pohjanmaa Kristiinankaupunki
76%
3 x I Keski-Suomi Kivijärvi
72%
3 x I Kainuu Ristijärvi
67%
3 x I Satakunta Siikainen
67%
Ehtoja vastaavia visoja ei löytynyt
Tulosjakauma
Jokaisen tuloksen saaneiden osuus
Persentiili vastausten määrän mukaan
Tuloshistoriasi
Et ole pelannut tätä visaa